=LDR 00000nam 2200000 4500 =001 INLIS000000000036270 =005 20221031123742 =035 ##$$a 0010-061300000036270 =008 221031################g##########0#ind## =041 ##$$a Ind =082 ##$$a F Rom k =090 ##$$a F Rom K, Kum k =245 1#$$a Winnie the pooh first reader : Based on the pooh stories : $b Kumpulan cerita sku bisa membaca sendiri : Sayangilah temanmu /$c A a Milne ; Alih bahasa, Rina Agata =260 ##$$a Jakarta :$b Elex media koputindo,$c 2010 =300 ##$$a 195 Hlm : $b Ilus ; $c 18 x 22 Cm. =650 #4$$a Fiksi kanak-kanak =850 ##$$a NBPNMAT =020 ##$$a 978-979-27-7138-1 =084 ##$$a F Rom k MIL w =100 #$$a Milne A a =990 ##$$a 93182/BPAP-NTB/2014 =990 ##$$a 93183/BPAP-NTB/2014 =990 ##$$a 21101309 =990 ##$$a 21101309 =990 ##$$a 93182/BPAP-NTB/2014 =990 ##$$a 93183/BPAP-NTB/2014